| 000 | 00960nam a22001937a 4500 | ||
|---|---|---|---|
| 999 |
_c12464 _d12464 |
||
| 003 | AR-CdUCM | ||
| 008 | 190409b ||||| |||| 00| 0 spa d | ||
| 040 |
_aMUNICIPALIDAD PROVINCIAL DEL CUSCO _cBIBLIOTECA MUNICIPAL DEL CUSCO |
||
| 082 |
_a346.431 / _bP45 |
||
| 110 |
_aPerú / Comisión Reformadora del Código Civil Peruano. _930316 |
||
| 245 | _aConsulta para que la Comisión reformadora del Código Civil dirige a las cortes superiores, catedráticos de derecho civil de las universidades, registradores principales del registro de la propiedad inmueble y colegio de abogados de la República, sobre el modo de transmitir la propiedad inmueble / | ||
| 260 |
_aLima : _bLibr. e Impr. Gil, _c1925. |
||
| 300 |
_a72 paginas ; _c20 cm. |
||
| 505 | _aContenido :Consulta para que la Comisión reformadora del Código Civil / | ||
| 650 |
_aPropiedad inmueble _928302 |
||
| 650 |
_aTransmisión. _930317 |
||
| 942 |
_2ddc _cLIBROS |
||
| 945 |
_arjall _d2019-04-09 |
||